[Event "London Classic op 10th"]
[Site "London"]
[Date "2018.12.13"]
[Round "5"]
[White "Spina, Simonpietro"]
[Black "Kalkowski, Igor"]
[Result "0-1"]
[WhiteElo "1881"]
[BlackElo "1716"]
[PlyCount "108"]
[EventDate "2018.12.09"]
[EventType "swiss"]
[EventRounds "9"]
[EventCountry "ENG"]
[SourceTitle "CBM 187 Extra"]
[Source "ChessBase"]
[SourceDate "2018.11.04"]
[SourceVersion "1"]
[SourceVersionDate "2018.11.04"]
[SourceQuality "1"]

1. e4 c5 2. Nf3 g6 3. d4 cxd4 4. Nxd4 Nc6 5. Be2 Bg7 6. Be3 Nf6 7. Nc3 Qa5 8. Nb3 Qc7 9. 0-0 0-0 10. f4 d6 11. Kh1 Be6 12. g4 Rfd8 13. g5 Ne8 14. f5 Bxb3 15. axb3 e6 16. f6 Bf8 17. Qe1 Ne5 18. Qf2 b6 19. Bf4 Qb7 20. Qh4 Qc6 21. Qg3 Nc7 22. h4 Rd7 23. Rf2 a6 24. Rh2 b5 25. h5 Rb8 26. Rf1 b4 27. Bxe5 dxe5 28. hxg6 fxg6 29. f7+ Rxf7 30. Rxf7 Kxf7 31. Qf3+ Kg8 32. Qh3 Qd7 33. Nd5 Nxd5 34. exd5 Qxd5+ 35. Bf3 Qd7 36. Bg4 Re8 37. Rf2 Bg7 38. Qe3 Qd5+ 39. Bf3 Qd4 40. Qe2 Qh4+ 41. Rh2 Qxg5 42. Qc4 Qc1+ 43. Kg2 Qd2+ 44. Kh3 Qd6 45. Rh1 Qb6 46. Rd1 Kh8 47. Rd7 Rf8 48. Kg2 Qe3 49. Rd3 Qg5+ 50. Kf2 e4 51. Qxe4 Qc5+ 52. Qe3 Qxc2+ 53. Rd2 Qf5 54. Kg2 e5 0-1

[Event "London Classic op 10th"]
[Site "London"]
[Date "2018.12.12"]
[Round "4"]
[White "Rocco, Federico"]
[Black "Spina, Simonpietro"]
[Result "1-0"]
[WhiteElo "2244"]
[BlackElo "1881"]
[PlyCount "79"]
[EventDate "2018.12.09"]
[EventType "swiss"]
[EventRounds "9"]
[EventCountry "ENG"]
[SourceTitle "CBM 187 Extra"]
[Source "ChessBase"]
[SourceDate "2018.11.04"]
[SourceVersion "1"]
[SourceVersionDate "2018.11.04"]
[SourceQuality "1"]

1. e4 c5 2. Nf3 e6 3. d4 cxd4 4. Nxd4 a6 5. c4 Nf6 6. Nc3 Qc7 7. Be3 d6 8. Be2 Be7 9. 0-0 b6 10. Rc1 Bb7 11. f3 Nbd7 12. b4 0-0 13. Qe1 Rac8 14. Qf2 Qb8 15. Nb3 d5 16. cxd5 exd5 17. Nxd5 Nxd5 18. exd5 Bxd5 19. Rcd1 Bc6 20. Bxa6 Rcd8 21. b5 Ba8 22. Nd4 Bd6 23. Qh4 Ne5 24. Nf5 Ng6 25. Qh3 Bc7 26. Kh1 Rxd1 27. Rxd1 Rd8 28. Re1 Re8 29. Rc1 Bd5 30. Bd4 Be5 31. Qg4 Be6 32. Bg1 Nf4 33. Qg5 Bf6 34. Qg4 h5 35. Nh6+ Kh7 36. Qg3 Kxh6 37. Be3 g5 38. h4 Qe5 39. hxg5+ Qxg5 40. Bxf4 1-0

[Event "Messina op 2nd"]
[Site "Messina"]
[Date "2012.08.27"]
[Round "1"]
[White "Cannella, Carlo Umberto"]
[Black "Spina, Simonpietro"]
[Result "1-0"]
[WhiteElo "1950"]
[BlackElo "1730"]
[PlyCount "103"]
[EventDate "2012.08.27"]
[EventType "swiss"]
[EventRounds "8"]
[EventCountry "ITA"]
[SourceTitle "EXT 2014"]
[Source "ChessBase"]
[SourceDate "2013.11.20"]
[SourceVersion "1"]
[SourceVersionDate "2013.11.20"]
[SourceQuality "1"]

1. e4 d6 2. d4 Nf6 3. Nc3 g6 4. Bg5 Bg7 5. Qd2 c6 6. Bh6 Bxh6 7. Qxh6 Qa5 8. f3 b5 9. Qd2 Nbd7 10. Bd3 b4 11. Nd1 c5 12. Ne3 cxd4 13. Nc4 Qc5 14. a3 bxa3 15. Rxa3 Nb6 16. Na5 Nfd7 17. Nb3 Qe5 18. Ne2 Nc5 19. Bb5+ Bd7 20. Bxd7+ Ncxd7 21. Qxd4 0-0 22. 0-0 Rfe8 23. c3 Qxd4+ 24. Nexd4 Nc4 25. Ra2 e5 26. Nc2 Reb8 27. Nb4 a5 28. Rfa1 Nxb2 29. Rxa5 Rxa5 30. Rxa5 Nd3 31. Ra7 N7c5 32. Nxc5 Nxc5 33. Nd5 Nd3 34. h3 h5 35. Rd7 Rb1+ 36. Kh2 h4 37. Rxd6 Nf2 38. g4 Rb2 39. Rb6 Nxg4+ 40. Kg1 Rxb6 41. Nxb6 Nf6 42. Kf2 Kf8 43. Ke3 g5 44. c4 Ke8 45. c5 Nd7 46. Nxd7 Kxd7 47. Kd3 Kc7 48. Kc4 Kc6 49. Kb4 f5 50. exf5 e4 51. f6 e3 52. Kc3 1-0

[Event "Messina op-A 1st"]
[Site "Messina"]
[Date "2011.08.31"]
[Round "5"]
[White "Spina, Simonpietro"]
[Black "Arico, Maurizio"]
[Result "1/2-1/2"]
[WhiteElo "1805"]
[BlackElo "1847"]
[PlyCount "66"]
[EventDate "2011.08.28"]
[EventType "swiss"]
[EventRounds "9"]
[EventCountry "ITA"]
[SourceTitle "CBM 144 Extra"]
[Source "ChessBase"]
[SourceDate "2011.10.28"]
[SourceVersion "1"]
[SourceVersionDate "2011.10.28"]
[SourceQuality "1"]

1. c4 e6 2. Nc3 d5 3. cxd5 exd5 4. d4 Nf6 5. Bg5 Be7 6. Bxf6 Bxf6 7. e3 0-0 8. Bd3 Nc6 9. a3 Re8 10. Nge2 Bg4 11. 0-0 Ne7 12. Qc2 Ng6 13. Qb3 Bxe2 14. Bxe2 c5 15. Nxd5 cxd4 16. Nxf6+ Qxf6 17. Bc4 Rf8 18. exd4 Qxd4 19. Rad1 Qb6 20. Qxb6 axb6 21. Rfe1 Rad8 22. Bd5 Rd7 23. Bf3 Rc7 24. Rc1 Rd7 25. Re2 Nf4 26. Rec2 Ne6 27. Bg4 f5 28. Bd1 Rfd8 29. Bh5 g6 30. Bf3 Nd4 31. Rc8 Nxf3+ 32. gxf3 Rxc8 33. Rxc8+ Kf7 1/2-1/2